000 00845nam a2200265Ia 4500
003 OSt
005 20220930093608.0
006 a|||||r|||| 00| 0
007 ta
008 220926b |||||||| |||| 00| 0 eng d
024 _a43601
037 _cTheses
040 _aCRL
_cCRL
_beng
041 _2eng
_aeng
100 _aNain Kamal Au.
_9552573
110 _aUniversity of Delhi. Faculty of Mathematial Sciences. Department of Statistics
245 0 _aSome contributions to order, generalized order and record Statistics
260 _c2017
300 _a220p.
_ap.
_ccm.
650 _aSTATISTICS
700 _a Prof. Jagdish Saran Gu.
_9532133
700 _aUniversity of Delhi. Faculty of Mathematial Sciences. Department of Statistics
942 _cDIS
_2CC
999 _c885640
_d885640